Toulouse - Choix multiples - Statistiques

Statistiques générales
  • Ce quiz a été pris 5 284 fois
    4 668 depuis la dernière actualisation
  • Le résultat moyen est 7 sur 10
Statistiques - réponses
Question Réponse % Correct
Quelle couleur est le surnom attribué à la ville de Toulouse en raison de la couleur du matériau de construction? Rose
96%
24 titres de champion de France et 6 titres de champion d’Europe : de quel sport parle-t-on ? Rugby
96%
Quel est le nom de la célèbre place au centre de la ville ? La Place du Capitole
90%
Quel est le nom du canal navigable qui relie Toulouse à la Méditerranée ? Le canal du Midi
81%
Quel est l'intrus parmi ces domaines associées à la ville de Toulouse ? L'industrie automobile
75%
Qui chante "Ô Toulouse", rendant hommage à sa ville natale ? Claude Nougaro
72%
Lequel de ces quartiers ne se situe pas à Toulouse ? La Croix-Rousse
71%
Laquelle de ces spécialités n’est pas originaire de la région toulousaine ?
55%
Quelle proposition est fausse concernant le métro de Toulouse ? Il n'existe actuellement qu'une seule ligne de métro.
55%
Quelle photo n’ a pas été prise à Toulouse ?
31%
Aucun quiz correspondant
Distribution des résultats
% des personnes avec chaque résultat
Percentile par nombre de réponses
Votre historique - résultats
Vous n’avez pas pris ce quiz depuis la dernière actualisation